00310nam a22000977a 4500008004100000082001600041100001900057245009100076260003700167300000800204230619b xxu||||| |||| 00| 0 eng d a303.48bPAU cRanjan Poudyal aBridging the North South DividebLinkages and Learning between the south and the north aEnglandbSave the Childrenc2001 a50p